Pays avec les plus petites côtes - Statistiques

Statistiques générales
  • Ce quiz a été pris 103 fois
  • Le résultat moyen est 12 sur 20
Statistiques - réponses
km Étendue bordée Réponse % Correct
4 Mer Méditerranée Monaco
98%
20 Mer Adriatique Bosnie-Herzégovine
79%
47 Golfe de Trieste Slovénie
69%
135 Mer des Caraïbes Saint-Christophe-et-Niévès
64%
158 Mer des Caraïbes Sainte-Lucie
64%
30 Océan Pacifique Nauru
63%
97 Océan Atlantique Barbade
62%
84 Mer des Caraïbes Saint-Vincent-et-les-
Grenadines
62%
56 Golfe de Guinée Togo
62%
148 Mer des Caraïbes Dominique
60%
67 Mer du Nord Belgique
58%
90 Mer Baltique Lituanie
58%
153 Mer des Caraïbes Antigua-et-Barbuda
56%
121 Mer des Caraïbes Grenade
55%
121 Golfe de Guinée Bénin
54%
80 Océan Atlantique Gambie
54%
24 Océan Pacifique Tuvalu
52%
58 Golfe Persique Irak
47%
37 Océan Atlantique République Démocratique du Congo
39%
26 Golfe d'Aqaba Jordanie
38%
Aucun quiz correspondant
Distribution des résultats
% des personnes avec chaque résultat
Percentile par nombre de réponses
Votre historique - résultats
Vous n’avez pas pris ce quiz